<?xml version="1.0" encoding="UTF-8"?>
<record
    xmlns:xsi="http://www.w3.org/2001/XMLSchema-instance"
    xsi:schemaLocation="http://www.loc.gov/MARC21/slim http://www.loc.gov/standards/marcxml/schema/MARC21slim.xsd"
    xmlns="http://www.loc.gov/MARC21/slim">

  <leader>01106nam a2200313 i 4500</leader>
  <controlfield tag="003">CO-BoRNBP</controlfield>
  <controlfield tag="005">20250526111254.0</controlfield>
  <controlfield tag="007">ta</controlfield>
  <controlfield tag="008">231009t2020    ck     g|     001 0|spa |</controlfield>
  <datafield tag="020" ind1=" " ind2=" ">
    <subfield code="a">9789584280053</subfield>
  </datafield>
  <datafield tag="020" ind1=" " ind2=" ">
    <subfield code="a">9584280058</subfield>
  </datafield>
  <datafield tag="040" ind1=" " ind2=" ">
    <subfield code="a">CO-BoRNBP</subfield>
    <subfield code="b">spa</subfield>
    <subfield code="e">rda</subfield>
    <subfield code="c">CO-BoRNBP</subfield>
  </datafield>
  <datafield tag="041" ind1="0" ind2=" ">
    <subfield code="h">spa</subfield>
  </datafield>
  <datafield tag="082" ind1="0" ind2="4">
    <subfield code="a">006.301</subfield>
    <subfield code="b">L17e</subfield>
    <subfield code="2">22</subfield>
  </datafield>
  <datafield tag="084" ind1=" " ind2=" ">
    <subfield code="a">14844</subfield>
  </datafield>
  <datafield tag="100" ind1=" " ind2=" ">
    <subfield code="a">Latorre Sent&#xED;s, Jos&#xE9; Ignacio</subfield>
    <subfield code="9">59389</subfield>
  </datafield>
  <datafield tag="245" ind1="1" ind2="0">
    <subfield code="a">&#xC9;tica para m&#xE1;quinas</subfield>
    <subfield code="c">Jos&#xE9; Ignacio Latorre Sent&#xED;s</subfield>
  </datafield>
  <datafield tag="250" ind1=" " ind2=" ">
    <subfield code="a">Tercera edici&#xF3;n</subfield>
  </datafield>
  <datafield tag="264" ind1=" " ind2="1">
    <subfield code="a">Bogot&#xE1;, Colombia</subfield>
    <subfield code="b">Planeta Colombiana S.A.</subfield>
    <subfield code="c">2020</subfield>
  </datafield>
  <datafield tag="300" ind1=" " ind2=" ">
    <subfield code="a">312 p&#xE1;ginas</subfield>
    <subfield code="c">23 cm</subfield>
  </datafield>
  <datafield tag="336" ind1=" " ind2=" ">
    <subfield code="a">texto</subfield>
    <subfield code="b">txt</subfield>
    <subfield code="2">rdacontent</subfield>
  </datafield>
  <datafield tag="337" ind1=" " ind2=" ">
    <subfield code="a">sin mediaci&#xF3;n</subfield>
    <subfield code="b">n</subfield>
    <subfield code="2">rdamedia</subfield>
  </datafield>
  <datafield tag="338" ind1=" " ind2=" ">
    <subfield code="a">volumen</subfield>
    <subfield code="b">nc</subfield>
    <subfield code="2">rdacarrier</subfield>
  </datafield>
  <datafield tag="505" ind1="0" ind2=" ">
    <subfield code="a">M&#xE1;quinas sin alma. -- M&#xE1;quinas que parecen inteligentes. -- &#xC9;tica para m&#xE1;quinas. -- M&#xE1;quinas que nos superar&#xE1;n. -- Imitar el alma</subfield>
  </datafield>
  <datafield tag="650" ind1="1" ind2="0">
    <subfield code="a">Filosof&#xED;a de la inteligencia artificial</subfield>
    <subfield code="2">LEMB</subfield>
    <subfield code="9">59390</subfield>
  </datafield>
  <datafield tag="650" ind1="1" ind2="4">
    <subfield code="a">Inteligencia artificial</subfield>
    <subfield code="x">Aspectos sociales</subfield>
    <subfield code="2">LEMB</subfield>
    <subfield code="9">59391</subfield>
  </datafield>
  <datafield tag="650" ind1="1" ind2="0">
    <subfield code="a">Inteligencia articficial</subfield>
    <subfield code="2">LEMB</subfield>
    <subfield code="9">59392</subfield>
  </datafield>
  <datafield tag="942" ind1=" " ind2=" ">
    <subfield code="2">ddc</subfield>
    <subfield code="c">BK</subfield>
  </datafield>
  <datafield tag="999" ind1=" " ind2=" ">
    <subfield code="c">57076</subfield>
    <subfield code="d">57076</subfield>
  </datafield>
  <datafield tag="952" ind1=" " ind2=" ">
    <subfield code="0">0</subfield>
    <subfield code="1">0</subfield>
    <subfield code="2">ddc</subfield>
    <subfield code="4">0</subfield>
    <subfield code="7">0</subfield>
    <subfield code="8">GEN</subfield>
    <subfield code="a">MESARAMA</subfield>
    <subfield code="b">MESARAMA</subfield>
    <subfield code="c">GEN</subfield>
    <subfield code="d">2025-05-26</subfield>
    <subfield code="l">0</subfield>
    <subfield code="o">006.301 L17e</subfield>
    <subfield code="p">SJA01027</subfield>
    <subfield code="r">2025-05-26 11:13:33</subfield>
    <subfield code="t">Ej.1</subfield>
    <subfield code="w">2025-05-26</subfield>
    <subfield code="y">BK</subfield>
  </datafield>
  <datafield tag="952" ind1=" " ind2=" ">
    <subfield code="0">0</subfield>
    <subfield code="1">0</subfield>
    <subfield code="2">ddc</subfield>
    <subfield code="4">0</subfield>
    <subfield code="7">0</subfield>
    <subfield code="8">GEN</subfield>
    <subfield code="a">MEMAPIRI</subfield>
    <subfield code="b">MEMAPIRI</subfield>
    <subfield code="c">GEN</subfield>
    <subfield code="d">2025-08-22</subfield>
    <subfield code="l">0</subfield>
    <subfield code="o">006.301 L17e</subfield>
    <subfield code="p">MAP00004435</subfield>
    <subfield code="r">2025-08-22 14:06:49</subfield>
    <subfield code="t">Ej.1</subfield>
    <subfield code="w">2025-08-22</subfield>
    <subfield code="y">BK</subfield>
  </datafield>
  <datafield tag="952" ind1=" " ind2=" ">
    <subfield code="0">0</subfield>
    <subfield code="1">0</subfield>
    <subfield code="2">ddc</subfield>
    <subfield code="4">0</subfield>
    <subfield code="7">0</subfield>
    <subfield code="8">GEN</subfield>
    <subfield code="a">MECABUYA</subfield>
    <subfield code="b">MECABUYA</subfield>
    <subfield code="c">GEN</subfield>
    <subfield code="d">2025-09-26</subfield>
    <subfield code="l">0</subfield>
    <subfield code="o">006.301 L17e</subfield>
    <subfield code="p">CAB001297</subfield>
    <subfield code="r">2025-09-26 21:00:56</subfield>
    <subfield code="t">Ej.1</subfield>
    <subfield code="w">2025-09-26</subfield>
    <subfield code="y">BK</subfield>
  </datafield>
  <datafield tag="952" ind1=" " ind2=" ">
    <subfield code="0">0</subfield>
    <subfield code="1">0</subfield>
    <subfield code="2">ddc</subfield>
    <subfield code="4">0</subfield>
    <subfield code="7">0</subfield>
    <subfield code="8">GEN</subfield>
    <subfield code="a">MEURIBE</subfield>
    <subfield code="b">MEURIBE</subfield>
    <subfield code="c">GEN</subfield>
    <subfield code="d">2025-10-10</subfield>
    <subfield code="l">0</subfield>
    <subfield code="o">006.301 L17e</subfield>
    <subfield code="p">URI03212</subfield>
    <subfield code="r">2025-10-10 19:18:54</subfield>
    <subfield code="t">Ej.1</subfield>
    <subfield code="w">2025-10-10</subfield>
    <subfield code="y">BK</subfield>
  </datafield>
  <datafield tag="952" ind1=" " ind2=" ">
    <subfield code="0">0</subfield>
    <subfield code="1">0</subfield>
    <subfield code="2">ddc</subfield>
    <subfield code="4">0</subfield>
    <subfield code="7">0</subfield>
    <subfield code="8">GEN</subfield>
    <subfield code="a">MECASTIL</subfield>
    <subfield code="b">MECASTIL</subfield>
    <subfield code="c">GEN</subfield>
    <subfield code="d">2025-10-14</subfield>
    <subfield code="l">0</subfield>
    <subfield code="o">006.301 L17e</subfield>
    <subfield code="p">EC03093</subfield>
    <subfield code="r">2025-10-14 19:42:33</subfield>
    <subfield code="t">Ej.1</subfield>
    <subfield code="w">2025-10-14</subfield>
    <subfield code="y">BK</subfield>
  </datafield>
</record>
